000 00770nam a2200289Ia 4500
005 20260324150639.0
008 008 260324s9999 xx 000 0 eng d
020 _a9781315295695
037 _aEBOOK
040 _aCRL
040 _beng
040 _cCRL
041 _2eng
041 _aeng
084 _qCRL
100 _aDaryll Forde; Paula Brown; Robert Armstrong
_91227129
245 0 _aPeoples of the Niger-Benue Confluence (The Nupe. The Igbira. The Igala. The Idioma-speaking Peoples)
245 0 _bWestern Africa Part X
260 _bTaylor and Francis
260 _c1955
365 _a
365 _b180
856 _uhttp://www.taylorfrancis.com/books/9781315295695
942 _cEBOOK
999 _c1836958
_d1836958